[Event "DEN-ch Seniors"]
[Site "Aalborg"]
[Date "2023.02.19"]
[Round "6"]
[White "Meldgaard, Frode"]
[Black "Pedersen, Karsten Nymann"]
[Result "1/2-1/2"]
[WhiteElo "1804"]
[BlackElo "2057"]
[PlyCount "177"]
[EventDate "2023.02.19"]
[EventType "swiss"]
[EventRounds "7"]
[EventCountry "DEN"]
[SourceTitle "CBM 213 Extra"]
[Source "ChessBase"]
[SourceDate "2023.05.31"]
[SourceVersion "1"]
[SourceVersionDate "2023.05.31"]
[SourceQuality "1"]

1. e4 e5 2. Nc3 Bc5 3. Nf3 Nc6 4. Bc4 Nf6 5. d3 h6 6. a3 d6 7. h3 a6 8. b4 Bb6 9. Rb1 0-0 10. 0-0 Bd7 11. Ne2 Qe7 12. Ng3 Rad8 13. Qe2 Bc8 14. Be3 Bxe3 15. fxe3 d5 16. exd5 Nxd5 17. Bxd5 Rxd5 18. Rf2 Be6 19. Rbf1 Rfd8 20. Nd2 a5 21. Nf5 Qf8 22. e4 R5d7 23. bxa5 g6 24. Nh4 Nd4 25. Qd1 Qxa3 26. Ndf3 Qxa5 27. Nh2 Qc5 28. Ng4 Bxg4 29. Qxg4 Ne6 30. Kh2 Ng7 31. Nf3 b5 32. Qh4 h5 33. Qg3 Re7 34. Ng5 f5 35. exf5 gxf5 36. h4 f4 37. Qf3 Qd5 38. Ne4 Re6 39. g4 hxg4 40. Qxg4 Rf8 41. Rg1 Re7 42. Qf3 Qc6 43. Rfg2 Qh6 44. Kh3 Qe6+ 45. Rg4 Kh8 46. Kh2 Qh6 47. Qf2 Nf5 48. Kh3 Rh7 49. Qc5 Re8 50. Qxb5 c6 51. Qc4 Rg7 52. Qc5 Rxg4 53. Rxg4 Ne3 54. Ng5 Qf6 55. Qa7 Qe7 56. Qxe7 Rxe7 57. Rg1 Nxc2 58. Kg4 Ne3+ 59. Kf3 Nf5 60. Rc1 Kg7 61. Kg4 Nd4 62. Nf3 Nxf3 63. Kxf3 Rd7 64. Ke2 Rd6 65. Rc5 Kf6 66. Rc1 Kf5 67. Rg1 Rg6 68. Rh1 Rh6 69. Kf3 Rg6 70. Rh3 Rd6 71. Ke2 Kg4 72. Rh1 f3+ 73. Ke3 Rf6 74. Kf2 Kf4 75. h5 Kg5 76. h6 Rxh6 77. Rxh6 Kxh6 78. Kxf3 Kg5 79. Ke4 Kf6 80. d4 exd4 81. Kxd4 Ke6 82. Kc5 Kd7 83. Kc4 Kd6 84. Kd4 c5+ 85. Kc4 Kc6 86. Kc3 Kc7 87. Kc4 Kb6 88. Kc3 Kb5 89. Kb3 1/2-1/2

[Event "DEN-ch G7-B"]
[Site "Skorping"]
[Date "2014.04.19"]
[Round "5"]
[White "Jacobsen, Per"]
[Black "Meldgaard, Frode"]
[Result "1-0"]
[WhiteElo "1536"]
[BlackElo "1798"]
[PlyCount "67"]
[EventDate "2014.04.15"]
[EventType "swiss"]
[EventRounds "7"]
[EventCountry "DEN"]
[SourceTitle "EXT 2023"]
[Source "ChessBase"]
[SourceDate "2022.10.05"]
[SourceVersion "1"]
[SourceVersionDate "2022.10.05"]
[SourceQuality "1"]

1. b3 e5 2. Bb2 Nc6 3. e3 d5 4. Nf3 f6 5. Be2 Bd6 6. d4 e4 7. Nfd2 Nge7 8. a3 f5 9. c4 b6 10. Nc3 dxc4 11. Bxc4 Na5 12. b4 Nxc4 13. Nxc4 0-0 14. Nxd6 cxd6 15. 0-0 d5 16. Rc1 Qe8 17. a4 Rf6 18. Ne2 Be6 19. Nf4 Bf7 20. Rc7 Nc6 21. Qb3 Qd8 22. Rb7 Qc8 23. Rxf7 Rxf7 24. Rc1 Qd7 25. Nxd5 Qe6 26. Rxc6 Qe8 27. b5 Rd8 28. Nc7 Qd7 29. Ne6 Re8 30. Ng5 Ree7 31. Ba3 h6 32. Nxf7 Rxf7 33. Qe6 Qxe6 34. Rxe6 1-0

[Event "DEN-ch G7-B"]
[Site "Skorping"]
[Date "2014.04.15"]
[Round "1"]
[White "Johansen, Kjeld"]
[Black "Meldgaard, Frode"]
[Result "1-0"]
[WhiteElo "1580"]
[BlackElo "1798"]
[PlyCount "75"]
[EventDate "2014.04.15"]
[EventType "swiss"]
[EventRounds "7"]
[EventCountry "DEN"]
[SourceTitle "EXT 2023"]
[Source "ChessBase"]
[SourceDate "2022.10.05"]
[SourceVersion "1"]
[SourceVersionDate "2022.10.05"]
[SourceQuality "1"]

1. c4 d6 2. d4 Nd7 3. Nf3 e6 4. e4 Be7 5. Be2 c5 6. 0-0 cxd4 7. Nxd4 Ngf6 8. Nc3 Nc5 9. Bf3 0-0 10. Be3 Bd7 11. b4 Na6 12. a3 Rc8 13. Be2 Nb8 14. f4 Nc6 15. Ndb5 Be8 16. Nxa7 Nxa7 17. Bxa7 b6 18. e5 Qc7 19. exd6 Bxd6 20. Qd4 Nd7 21. Nb5 Bc5 22. bxc5 Qxc5 23. Qxc5 Rxc5 24. Rfd1 e5 25. fxe5 Rxe5 26. Bf1 f5 27. Rd6 Nc5 28. Bxb6 Ne4 29. Rd8 f4 30. Bc7 Re6 31. Nd4 Ref6 32. Re1 Bg6 33. Rxf8+ Kxf8 34. Nf3 h6 35. Ne5 Bf5 36. Bd3 Nc5 37. Bxf5 Rxf5 38. Bd6+ 1-0

[Event "DEN-ch G5-1"]
[Site "Helsingor"]
[Date "2012.04.08"]
[Round "4"]
[White "Dreisler, Tobias"]
[Black "Meldgaard, Frode"]
[Result "1-0"]
[WhiteElo "1760"]
[BlackElo "1961"]
[PlyCount "83"]
[EventDate "2012.04.05"]
[EventType "tourn"]
[EventRounds "5"]
[EventCountry "DEN"]
[SourceTitle "EXT 2023"]
[Source "ChessBase"]
[SourceDate "2022.10.05"]
[SourceVersion "1"]
[SourceVersionDate "2022.10.05"]
[SourceQuality "1"]

1. e4 e5 2. d4 Nc6 3. dxe5 Nxe5 4. Be3 d6 5. h3 Nf6 6. Nc3 Be7 7. Qd2 a6 8. 0-0-0 b5 9. f3 Be6 10. g4 b4 11. Nd5 a5 12. f4 Nc6 13. Bb5 Bd7 14. Nxf6+ Bxf6 15. e5 dxe5 16. Qd5 0-0 17. Qxd7 Nd4 18. fxe5 Bxe5 19. Qxd8 Rfxd8 20. Bxd4 Bxd4 21. Nf3 Be3+ 22. Kb1 Rdb8 23. Bc4 Rb6 24. Rhe1 Bc5 25. Ne5 Rf6 26. Nd7 Rf4 27. Bxf7+ Rxf7 28. Nxc5 Rf3 29. Rd3 Rf2 30. Kc1 a4 31. Rde3 b3 32. axb3 axb3 33. Nxb3 Rff8 34. Re7 c5 35. Rc7 Rf3 36. Ree7 Rd8 37. Rxg7+ Kf8 38. Rgd7 Rxd7 39. Rxd7 c4 40. Nd2 Rxh3 41. Nxc4 Rh4 42. Ne3 1-0

[Event "DEN-ch G5-1"]
[Site "Helsingor"]
[Date "2012.04.06"]
[Round "2"]
[White "Meldgaard, Frode"]
[Black "Kamstrup, Flemming"]
[Result "1/2-1/2"]
[WhiteElo "1961"]
[BlackElo "1912"]
[PlyCount "64"]
[EventDate "2012.04.05"]
[EventType "tourn"]
[EventRounds "5"]
[EventCountry "DEN"]
[SourceTitle "EXT 2023"]
[Source "ChessBase"]
[SourceDate "2022.10.05"]
[SourceVersion "1"]
[SourceVersionDate "2022.10.05"]
[SourceQuality "1"]

1. e4 e5 2. Nc3 Nc6 3. Bc4 Bc5 4. Nf3 d6 5. Nd5 Bg4 6. c3 Nf6 7. d3 Nxd5 8. Bxd5 0-0 9. h3 Bh5 10. g4 Bg6 11. b4 Bb6 12. Bg5 Qd7 13. a4 a6 14. Nh4 Kh8 15. Nf5 f6 16. Bd2 Bf7 17. a5 Ba7 18. Qa4 Bxd5 19. exd5 Nb8 20. Qxd7 Nxd7 21. Be3 Bxe3 22. fxe3 g6 23. Ng3 f5 24. g5 e4 25. dxe4 fxe4 26. Ke2 Rae8 27. Raf1 Re5 28. Rxf8+ Nxf8 29. h4 Rxd5 30. Rf1 Kg7 31. Nxe4 Nd7 32. Rf4 Rf5 1/2-1/2